000
00244nam a2200097 a 4500
005
20200930030949.0
008
110401s1987 000 spa d
245
0
_a
Corrupticidas sebiƩn y otras divagaciones.
260
_c
1987.
999
_c
27106
_d
27106
040
_a
DO-SdBNP